[Event "Verbandsliga Suedbaden 2223"]
[Site "Germany"]
[Date "2022.10.16"]
[Round "2.3"]
[White "Schulz, Vladimir"]
[Black "Fischer, Markus"]
[Result "0-1"]
[WhiteElo "2119"]
[BlackElo "2255"]
[PlyCount "68"]
[EventDate "2022.09.25"]
[EventType "team-tourn"]
[EventRounds "9"]
[EventCountry "GER"]
[SourceTitle "EXT 2024"]
[Source "ChessBase"]
[SourceDate "2023.10.10"]
[SourceVersion "1"]
[SourceVersionDate "2023.10.10"]
[SourceQuality "1"]
[WhiteTeam "Baden-Baden IV"]
[BlackTeam "Heitersheim"]
[WhiteTeamCountry "GER"]
[BlackTeamCountry "GER"]

1. e4 Nf6 2. e5 Nd5 3. d4 d6 4. c4 Nb6 5. Nf3 Bg4 6. e6 Bxe6 7. Ng5 Qc8 8. Qf3 h6 9. Nxe6 Qxe6+ 10. Be3 c6 11. Nc3 g6 12. d5 Qf5 13. Qd1 Bg7 14. Bd3 Qc8 15. Rc1 N8d7 16. f4 Nf6 17. f5 gxf5 18. 0-0 e6 19. Bd4 Qd7 20. Bxf6 Bxf6 21. Qh5 Kd8 22. c5 Bd4+ 23. Kh1 Bxc5 24. b4 Be3 25. Rce1 Bd2 26. dxe6 fxe6 27. Rxe6 Qxe6 28. Bxf5 Qe7 29. Ne4 Bg5 30. Qg6 Kc7 31. Be6 Raf8 32. Rd1 Bf4 33. b5 Re8 34. Nf6 Qxe6 0-1

[Event "Verbandsliga Suedbaden 1819"]
[Site "Baden"]
[Date "2019.03.31"]
[Round "8.4"]
[White "Fischer, Markus"]
[Black "Weidemann, Joerg"]
[Result "1/2-1/2"]
[WhiteElo "2255"]
[BlackElo "2277"]
[PlyCount "44"]
[EventDate "2018.10.14"]
[EventType "team-tourn"]
[EventRounds "9"]
[EventCountry "GER"]
[SourceTitle "EXT 2020"]
[Source "ChessBase"]
[SourceDate "2019.10.17"]
[SourceVersion "1"]
[SourceVersionDate "2019.10.17"]
[SourceQuality "1"]
[WhiteTeam "Heitersheim"]
[BlackTeam "Emmendingen II"]
[WhiteTeamCountry "GER"]
[BlackTeamCountry "GER"]

1. e4 c6 2. d4 d5 3. Nc3 dxe4 4. Nxe4 Nf6 5. Nxf6+ gxf6 6. Qd3 Bg4 7. Be2 Bxe2 8. Nxe2 e6 9. Bf4 h5 10. 0-0-0 Nd7 11. Kb1 Qa5 12. Nc3 0-0-0 13. Ne4 Rg8 14. g3 Rg6 15. Nd6+ Bxd6 16. Bxd6 Qd5 17. Qa3 Nb8 18. Bf4 a6 19. Qe7 Qd7 20. Qc5 Qd5 21. Qe7 Qd7 22. Qc5 Qd5 1/2-1/2

[Event "Verbandsliga Suedbaden 1718"]
[Site "Baden"]
[Date "2017.10.08"]
[Round "1.4"]
[White "Fischer, Markus"]
[Black "Tiemann, Tobias"]
[Result "1-0"]
[WhiteElo "2255"]
[BlackElo "2059"]
[PlyCount "65"]
[EventDate "2017.10.08"]
[EventType "team-tourn"]
[EventRounds "9"]
[EventCountry "GER"]
[SourceTitle "EXT 2019"]
[Source "ChessBase"]
[SourceDate "2018.10.10"]
[SourceVersion "1"]
[SourceVersionDate "2018.10.10"]
[SourceQuality "1"]
[WhiteTeam "Heitersheim"]
[BlackTeam "Baden-Baden IV"]
[WhiteTeamCountry "GER"]
[BlackTeamCountry "GER"]

1. e4 c5 2. Nc3 a6 3. f4 b5 4. Nf3 Bb7 5. d3 e6 6. g3 Nf6 7. e5 Nd5 8. Nxd5 Bxd5 9. Bg2 Be7 10. 0-0 0-0 11. Qe2 f5 12. c4 Bb7 13. b3 Nc6 14. Bb2 Qb6 15. Qf2 Rac8 16. Bc3 a5 17. Rab1 Ba6 18. Bd2 Rc7 19. Be3 Rb8 20. Rfd1 Bc8 21. h3 d6 22. d4 Nxd4 23. Nxd4 cxd4 24. Bxd4 Qa6 25. exd6 Bxd6 26. c5 Bf8 27. c6 Rxc6 28. Bxc6 Qxc6 29. Rbc1 Qe8 30. Be5 Ra8 31. Rc7 Qh5 32. Rd8 Bb7 33. Rxg7+ 1-0

[Event "Verbandsliga Suedbaden 1516"]
[Site "Baden"]
[Date "2016.02.14"]
[Round "6.4"]
[White "Fischer, Markus"]
[Black "Tuchtfeld, Juergen"]
[Result "1/2-1/2"]
[WhiteElo "2255"]
[BlackElo "2022"]
[PlyCount "46"]
[EventDate "2015.09.27"]
[EventType "team-tourn"]
[EventRounds "9"]
[EventCountry "GER"]
[SourceTitle "EXT 2022"]
[Source "ChessBase"]
[SourceDate "2021.10.06"]
[SourceVersion "1"]
[SourceVersionDate "2021.10.06"]
[SourceQuality "1"]
[WhiteTeam "Heitersheim"]
[BlackTeam "Ebringen"]
[WhiteTeamCountry "GER"]
[BlackTeamCountry "GER"]

1. e4 c6 2. d4 d5 3. exd5 cxd5 4. Bd3 Nc6 5. c3 Nf6 6. Bf4 Bg4 7. Qb3 Qc8 8. Nd2 e6 9. Ngf3 Be7 10. Ne5 Nxe5 11. Bxe5 0-0 12. Qc2 Bf5 13. Bxf5 exf5 14. 0-0 b5 15. Bxf6 Bxf6 16. Qb3 Rd8 17. Rfe1 Rb8 18. Nf3 g6 19. Ne5 Kg7 20. a3 Qc7 21. Nd3 Rb6 22. Qd1 Be7 23. h3 Rf6 1/2-1/2

[Event "Calvia Amateur op 10th"]
[Site "Calvia"]
[Date "2013.10.12"]
[Round "8"]
[White "Gromovs, Sergejs"]
[Black "Fischer, Markus"]
[Result "1-0"]
[WhiteElo "2169"]
[BlackElo "2232"]
[PlyCount "101"]
[EventDate "2013.10.05"]
[EventType "swiss"]
[EventRounds "9"]
[EventCountry "ESP"]
[SourceTitle "EXT 2014"]
[Source "ChessBase"]
[SourceDate "2013.11.20"]
[SourceVersion "1"]
[SourceVersionDate "2013.11.20"]
[SourceQuality "1"]

1. d4 Nf6 2. c4 g6 3. Nc3 Bg7 4. e4 0-0 5. Nf3 d6 6. Be2 e5 7. 0-0 Nc6 8. d5 Ne7 9. b4 Nh5 10. Re1 h6 11. c5 f5 12. a4 fxe4 13. Nxe4 Nf4 14. Bc4 Bg4 15. Ra3 g5 16. h3 Bh5 17. b5 b6 18. cxd6 cxd6 19. Kh2 Rc8 20. Bf1 Nxh3 21. gxh3 Rxc1 22. Qxc1 Bxf3 23. Qc2 Bxe4 24. Rxe4 Nf5 25. Bg2 Nd4 26. Qd2 Qf6 27. Kg1 Rc8 28. Rc3 Qf5 29. Rxc8+ Qxc8 30. Re1 Qc4 31. Be4 Qxa4 32. Qc3 Qxb5 33. Qc8+ Bf8 34. Qc7 Bg7 35. Qb8+ Kf7 36. Qxa7+ Kf6 37. Qb8 Qd7 38. Qxb6 Bf8 39. Kh2 Kg7 40. Ra1 Qf7 41. Ra7 Be7 42. Kg2 h5 43. Qb7 Kf6 44. Qc8 Qf8 45. Qd7 Qg7 46. Qe8 Ne2 47. Kf1 Nf4 48. Qd7 Qf7 49. Qf5+ Kg7 50. Qh7+ Kf6 51. Qh8+ 1-0

[Event "Regionalliga NO 0607"]
[Site "Bayern"]
[Date "2007.02.25"]
[Round "6.1"]
[White "Barth, Norbert"]
[Black "Fischer, Markus"]
[Result "1-0"]
[WhiteElo "2221"]
[BlackElo "2141"]
[PlyCount "51"]
[EventDate "2006.10.15"]
[EventType "team-tourn"]
[EventRounds "9"]
[EventCountry "GER"]
[SourceTitle "EXT 2008"]
[Source "ChessBase"]
[SourceDate "2007.11.25"]
[SourceVersion "1"]
[SourceVersionDate "2007.11.25"]
[SourceQuality "1"]
[WhiteTeam "Schwandorf"]
[BlackTeam "Weiden"]
[WhiteTeamCountry "GER"]
[BlackTeamCountry "GER"]

1. e4 Nf6 2. e5 Nd5 3. d4 d6 4. Nf3 Bg4 5. Be2 e6 6. c4 Nb6 7. exd6 cxd6 8. Nc3 Be7 9. h3 Bh5 10. d5 exd5 11. Nxd5 Nc6 12. 0-0 0-0 13. Be3 Nxd5 14. Qxd5 Bg6 15. Qb5 Qc8 16. Rad1 Rd8 17. Rd2 Qc7 18. Bd3 Bxd3 19. Rxd3 Ne5 20. Nxe5 dxe5 21. Rfd1 Rxd3 22. Rxd3 Bd6 23. c5 Bf8 24. Rd7 a6 25. Rxc7 axb5 26. Rxb7 1-0

[Event "Regionalliga NO 0405"]
[Site "Bayern"]
[Date "2005.02.13"]
[Round "7.3"]
[White "Justen, Detlef"]
[Black "Fischer, Markus"]
[Result "1-0"]
[WhiteElo "2143"]
[BlackElo "2118"]
[PlyCount "65"]
[EventDate "2004.10.24"]
[EventType "team-tourn"]
[EventRounds "9"]
[EventCountry "GER"]
[SourceTitle "EXT 2007"]
[Source "ChessBase"]
[SourceDate "2006.11.23"]
[SourceVersion "1"]
[SourceVersionDate "2006.11.23"]
[SourceQuality "1"]
[WhiteTeam "Gunzenhausen"]
[BlackTeam "Regensburg Eulenspiegel"]
[WhiteTeamCountry "GER"]
[BlackTeamCountry "GER"]

1. d4 Nf6 2. Bg5 e6 3. Nd2 d5 4. e3 c5 5. c3 Nc6 6. Ngf3 Be7 7. Bd3 b6 8. 0-0 Bb7 9. Ne5 Nxe5 10. dxe5 Nd7 11. Bxe7 Qxe7 12. f4 0-0-0 13. Qe2 f6 14. exf6 gxf6 15. Ba6 f5 16. Qb5 Nb8 17. Bxb7+ Qxb7 18. Nf3 Nc6 19. Rad1 Rhg8 20. Rf2 Rg7 21. b4 a6 22. Qa4 b5 23. Qb3 Qb6 24. bxc5 Qxc5 25. Nd4 Rd6 26. a4 Qc4 27. Qa3 b4 28. cxb4 Qxb4 29. Qa1 Qb7 30. Rc2 Rc7 31. Rdc1 Kd7 32. Nf3 Rc8 33. Qg7+ 1-0

[Event "Regionalliga NO 0405"]
[Site "Bayern"]
[Date "2004.12.12"]
[Round "4.2"]
[White "Kanewski, Josef"]
[Black "Fischer, Markus"]
[Result "1/2-1/2"]
[WhiteElo "2145"]
[BlackElo "2118"]
[PlyCount "48"]
[EventDate "2004.10.24"]
[EventType "team-tourn"]
[EventRounds "9"]
[EventCountry "GER"]
[SourceTitle "EXT 2007"]
[Source "ChessBase"]
[SourceDate "2006.11.23"]
[SourceVersion "1"]
[SourceVersionDate "2006.11.23"]
[SourceQuality "1"]
[WhiteTeam "Weiden"]
[BlackTeam "Regensburg Eulenspiegel"]
[WhiteTeamCountry "GER"]
[BlackTeamCountry "GER"]

1. d4 Nf6 2. c4 g6 3. Nc3 Bg7 4. g3 0-0 5. Bg2 d6 6. Nf3 Nbd7 7. 0-0 e5 8. dxe5 dxe5 9. Qc2 c6 10. b3 Qe7 11. Bb2 Re8 12. Rad1 e4 13. Ng5 e3 14. f3 Nc5 15. Nge4 Ncxe4 16. Nxe4 Bf5 17. Qc3 Bxe4 18. fxe4 Nh5 19. Qc1 Bxb2 20. Qxb2 Rad8 21. Qc3 Rxd1 22. Rxd1 Nf6 23. Qxe3 Nxe4 24. Qxe4 Qxe4 1/2-1/2

[Event "Regionalliga NO 0405"]
[Site "Bayern"]
[Date "2004.11.14"]
[Round "2.2"]
[White "Fischer, Markus"]
[Black "Kirschbaum, Heinrich"]
[Result "0-1"]
[WhiteElo "2118"]
[BlackElo "2047"]
[PlyCount "125"]
[EventDate "2004.10.24"]
[EventType "team-tourn"]
[EventRounds "9"]
[EventCountry "GER"]
[SourceTitle "EXT 2007"]
[Source "ChessBase"]
[SourceDate "2006.11.23"]
[SourceVersion "1"]
[SourceVersionDate "2006.11.23"]
[SourceQuality "1"]
[WhiteTeam "Regensburg Eulenspiegel"]
[BlackTeam "Regensburg Fortuna III"]
[WhiteTeamCountry "GER"]
[BlackTeamCountry "GER"]

1. e4 c5 2. Nf3 Nc6 3. Bb5 g6 4. Bxc6 bxc6 5. 0-0 Bg7 6. c4 e5 7. Nc3 d6 8. Qa4 Ne7 9. b4 cxb4 10. Qxb4 0-0 11. Ba3 c5 12. Qb3 f5 13. d3 Nc6 14. Nd5 Rb8 15. Qc3 fxe4 16. dxe4 Bg4 17. Nd2 Nd4 18. Qe3 Nc2 19. Qc3 Nxa1 20. Rxa1 Be6 21. Qd3 Rf7 22. Nb3 Qh4 23. Rf1 Rbf8 24. f3 Kh8 25. Nc1 Bh6 26. Ne2 Rb8 27. Ndc3 Bf8 28. Bc1 Rb4 29. Nd5 Rbb7 30. Be3 Rb2 31. Bf2 Qg5 32. Be3 Qd8 33. Nec3 a6 34. Bc1 Rb8 35. Bd2 Qh4 36. Be1 Qd8 37. Bd2 Kg8 38. Bc1 Qh4 39. Be3 Bh6 40. Bf2 Qd8 41. Qc2 Qa5 42. Bh4 Qa3 43. Rd1 Rb2 44. Qd3 Bxd5 45. Nxd5 Qxa2 46. Qf1 Rd2 47. Nf6+ Kf8 48. Ng4 Rxd1 49. Qxd1 Qd2 50. Qb3 Qb4 51. Qd3 Qd2 52. Qb3 Qc1+ 53. Kf2 Bd2 54. Qb8+ Kg7 55. Ke2 Qc2 56. Qxd6 Bg5+ 57. Kf1 Qxc4+ 58. Kg1 Qc1+ 59. Kf2 Bxh4+ 60. g3 Qb2+ 61. Ke1 Be7 62. Qxe5+ Qxe5 63. Nxe5 0-1

[Event "Regionalliga NO 0304"]
[Site "Bayern"]
[Date "2004.04.25"]
[Round "9.4"]
[White "Fischer, Markus"]
[Black "Schwarzmeier, Klaus"]
[Result "1-0"]
[WhiteElo "2154"]
[BlackElo "2094"]
[PlyCount "73"]
[EventDate "2003.10.??"]
[EventType "team-tourn"]
[EventRounds "9"]
[EventCountry "GER"]
[SourceTitle "EXT 2006"]
[Source "ChessBase"]
[SourceDate "2005.11.24"]
[SourceVersion "1"]
[SourceVersionDate "2005.11.24"]
[SourceQuality "1"]
[WhiteTeam "Kareth Lappersdorf"]
[BlackTeam "Regensburg Eulenspiegel"]
[WhiteTeamCountry "GER"]
[BlackTeamCountry "GER"]

1. d4 d5 2. c4 c6 3. Nf3 Nf6 4. Nc3 dxc4 5. a4 Bf5 6. e3 e6 7. Bxc4 Bb4 8. 0-0 Nbd7 9. Qe2 0-0 10. e4 Bg6 11. Bd3 Re8 12. e5 Nd5 13. Ne4 h6 14. Be3 Qc7 15. Nh4 Bh7 16. f4 Nxe3 17. Qxe3 Be7 18. Nf3 Nb6 19. Qf2 Nd5 20. Nfd2 Rad8 21. Rad1 a6 22. Nc4 Nb4 23. Bb1 Bxe4 24. Bxe4 c5 25. f5 Rxd4 26. Rxd4 cxd4 27. fxe6 Bf6 28. exf7+ Kxf7 29. exf6 Rxe4 30. fxg7+ Kxg7 31. Qf6+ Kh7 32. Qf5+ Kg7 33. Qxe4 Qxc4 34. Qe5+ Kh7 35. Qf5+ Kg7 36. Qf6+ Kg8 37. Qg6+ 1-0

[Event "Regionalliga NO 0304"]
[Site "Bayern"]
[Date "2003.12.14"]
[Round "4.4"]
[White "Hofmann, Martin1111"]
[Black "Fischer, Markus"]
[Result "1/2-1/2"]
[WhiteElo "2033"]
[BlackElo "2154"]
[PlyCount "45"]
[EventDate "2003.10.??"]
[EventType "team-tourn"]
[EventRounds "9"]
[EventCountry "GER"]
[SourceTitle "EXT 2006"]
[Source "ChessBase"]
[SourceDate "2005.11.24"]
[SourceVersion "1"]
[SourceVersionDate "2005.11.24"]
[SourceQuality "1"]
[WhiteTeam "Weiden"]
[BlackTeam "Kareth Lappersdorf"]
[WhiteTeamCountry "GER"]
[BlackTeamCountry "GER"]

1. e4 e6 2. d4 d5 3. exd5 exd5 4. Bd3 Nc6 5. c3 Bd6 6. Ne2 Qh4 7. Nd2 Bg4 8. Qc2 Nge7 9. Nf1 0-0 10. Be3 f5 11. 0-0-0 f4 12. g3 Qh5 13. gxf4 Rae8 14. Nfg3 Qh3 15. Rde1 Nf5 16. Nxf5 Bxf5 17. Bxf5 Qxf5 18. Qxf5 Rxf5 19. Rhg1 Rh5 20. Rg5 Rxg5 21. fxg5 Bxh2 22. Kd2 Bd6 23. Nf4 1/2-1/2

[Event "Regionalliga NO 0102"]
[Site "Bayern"]
[Date "2002.04.14"]
[Round "8.2"]
[White "Teslia, Vladimir"]
[Black "Fischer, Markus"]
[Result "1/2-1/2"]
[WhiteElo "2250"]
[BlackElo "2195"]
[PlyCount "160"]
[EventDate "2001.10.07"]
[EventType "team-tourn"]
[EventRounds "9"]
[EventCountry "GER"]
[SourceTitle "EXT 2003"]
[Source "ChessBase"]
[SourceDate "2002.11.25"]
[SourceVersion "1"]
[SourceVersionDate "2002.11.25"]
[SourceQuality "1"]
[WhiteTeam "Postbauer Heng"]
[BlackTeam "Regensburg Eulenspiegel"]
[WhiteTeamCountry "GER"]
[BlackTeamCountry "GER"]

1. e4 Nf6 2. e5 Nd5 3. d4 d6 4. Nf3 Bg4 5. Be2 e6 6. 0-0 Be7 7. h3 Bh5 8. c4 Nb6 9. Be3 0-0 10. Nc3 d5 11. c5 Bxf3 12. Bxf3 Nc4 13. Bf4 Nc6 14. b3 N4a5 15. Rc1 b6 16. Na4 b5 17. Nc3 b4 18. Ne2 Bg5 19. Bxg5 Qxg5 20. Bg4 h5 21. f4 Qh6 22. Bf3 h4 23. Bg4 g6 24. Qe1 Kg7 25. Kh1 Rab8 26. Rd1 Ne7 27. Ng1 Rh8 28. Rd2 Nac6 29. Qe3 Nf5 30. Bxf5 gxf5 31. Qe2 Ne7 32. Qa6 c6 33. Qxa7 Rhe8 34. Ne2 Kf8 35. Qa6 Ra8 36. Qd3 Ra3 37. Rc2 Ng6 38. Qd2 Rb8 39. Nc1 Ra7 40. Nd3 Rab7 41. Rfc1 Ke7 42. Rf1 Rb5 43. Ra1 R5b7 44. Qc1 Kf8 45. Qd2 Kg7 46. Rf1 Rb5 47. Nb2 Kf8 48. Na4 Ke7 49. Nb6 Nf8 50. Rf3 Nd7 51. Na4 Nf8 52. Nb2 Ng6 53. Nd3 R5b7 54. Qc1 Kf8 55. Nb2 Ke7 56. Na4 Rb5 57. Nb6 Ra5 58. a4 bxa3 59. b4 Ra7 60. Ra2 Rab7 61. Qxa3 Ke8 62. b5 cxb5 63. Qb4 Ne7 64. Qxb5+ Kf8 65. Ra6 Nc8 66. Qc6 Nxb6 67. Rxb6 Rxb6 68. cxb6 Kg7 69. b7 Qh8 70. Qc7 Qf8 71. Rb3 Kg6 72. Qc5 Qe8 73. Qb5 Qf8 74. Qc6 Kg7 75. Qc7 Qe8 76. Rc3 Qf8 77. Qc8 Qb4 78. Qxb8 Qxc3 79. Qc8 Qe1+ 80. Kh2 Qg3+ 1/2-1/2

[Event "Regionalliga NO 0102"]
[Site "Bayern"]
[Date "2002.03.17"]
[Round "7.2"]
[White "Fischer, Markus"]
[Black "Hlavac, Rudolf"]
[Result "1/2-1/2"]
[WhiteElo "2195"]
[BlackElo "2115"]
[PlyCount "58"]
[EventDate "2001.10.07"]
[EventType "team-tourn"]
[EventRounds "9"]
[EventCountry "GER"]
[SourceTitle "EXT 2003"]
[Source "ChessBase"]
[SourceDate "2002.11.25"]
[SourceVersion "1"]
[SourceVersionDate "2002.11.25"]
[SourceQuality "1"]
[WhiteTeam "Regensburg Eulenspiegel"]
[BlackTeam "Weiden"]
[WhiteTeamCountry "GER"]
[BlackTeamCountry "GER"]

1. e4 c5 2. Nf3 Nc6 3. Bb5 g6 4. Bxc6 dxc6 5. h3 Bg7 6. d3 b6 7. Nc3 e5 8. Be3 Qe7 9. Qd2 Nf6 10. 0-0 0-0 11. Nh2 Be6 12. f4 exf4 13. Rxf4 Nh5 14. Rf3 Bd4 15. Ne2 Bxb2 16. Raf1 Be5 17. Ng4 Bxg4 18. hxg4 Qh4 19. Nf4 Nxf4 20. Bxf4 Bd4+ 21. Be3 Qxg4 22. Bxd4 cxd4 23. Qh6 f6 24. Rxf6 Rxf6 25. Rxf6 Qg3 26. Rxc6 Rf8 27. Qh3 Qe3+ 28. Kh2 Qf4+ 29. Qg3 Qh6+ 1/2-1/2

[Event "Regionalliga NO 0102"]
[Site "Bayern"]
[Date "2001.11.25"]
[Round "3.2"]
[White "Fischer, Markus"]
[Black "Meulner, Klaus"]
[Result "0-1"]
[WhiteElo "2195"]
[BlackElo "2160"]
[PlyCount "98"]
[EventDate "2001.10.07"]
[EventType "team-tourn"]
[EventRounds "9"]
[EventCountry "GER"]
[SourceTitle "EXT 2003"]
[Source "ChessBase"]
[SourceDate "2002.11.25"]
[SourceVersion "1"]
[SourceVersionDate "2002.11.25"]
[SourceQuality "1"]
[WhiteTeam "Regensburg Eulenspiegel"]
[BlackTeam "Nuernberg Sued SW"]
[WhiteTeamCountry "GER"]
[BlackTeamCountry "GER"]

1. e4 c5 2. Nf3 g6 3. c3 Bg7 4. d4 cxd4 5. cxd4 d5 6. e5 Bg4 7. Be2 Nc6 8. Nc3 Nh6 9. h3 Bxf3 10. Bxf3 Nf5 11. Be3 e6 12. 0-0 0-0 13. Qd2 f6 14. exf6 Qxf6 15. Bg4 Ncxd4 16. Rae1 Nxe3 17. fxe3 Qg5 18. Rf4 Nf5 19. Qd3 Be5 20. Rff1 h5 21. Bxf5 Qg3 22. Ne2 Qh2+ 23. Kf2 Rxf5+ 24. Qxf5 gxf5 25. Rh1 Qxh1 26. Rxh1 Rc8 27. Kf3 Rc2 28. Nf4 Bxf4 29. Kxf4 Rxb2 30. Rc1 Kf7 31. Ke5 Rxg2 32. Rc7+ Kg6 33. Rxb7 Rxa2 34. Kxe6 Re2 35. Kxd5 Rxe3 36. Rxa7 f4 37. h4 Kf5 38. Rg7 Rd3+ 39. Kc4 Rg3 40. Rf7+ Kg4 41. Kd4 Re3 42. Rf8 Re1 43. Kd3 f3 44. Rg8+ Kxh4 45. Rf8 Kg3 46. Rg8+ Kh3 47. Rf8 Kg2 48. Rg8+ Kf1 49. Rh8 f2 0-1

[Event "Regensburg op"]
[Site "Regensburg"]
[Date "1997.??.??"]
[Round "6"]
[White "Fischer, Markus"]
[Black "Maiwald, Jens Uwe"]
[Result "0-1"]
[WhiteElo "2270"]
[BlackElo "2495"]
[PlyCount "147"]
[EventDate "1997.??.??"]
[EventType "swiss"]
[EventRounds "9"]
[EventCountry "GER"]
[SourceTitle "EXT 2001"]
[Source "ChessBase"]
[SourceDate "2000.11.22"]
[SourceVersion "1"]
[SourceVersionDate "2000.11.22"]
[SourceQuality "1"]

1. e4 c5 2. Nf3 e6 3. d3 d5 4. Nbd2 Nc6 5. g3 Bd6 6. Bg2 Nge7 7. 0-0 0-0 8. Re1 Bc7 9. Nf1 d4 10. N1d2 e5 11. Rf1 h6 12. Ne1 Be6 13. f4 exf4 14. gxf4 f5 15. e5 Nd5 16. Ndf3 Qe7 17. Qe2 b5 18. Bd2 Bb6 19. c4 dxc3 20. bxc3 c4+ 21. d4 b4 22. Nc2 bxc3 23. Be3 Rfd8 24. Rad1 Rd7 25. Bc1 Rad8 26. Kh1 Rc8 27. Qf2 Qf7 28. Nfe1 Ndb4 29. a3 Nd5 30. Bf3 Nde7 31. Be3 Rcd8 32. Rg1 Bd5 33. Rg3 Ng6 34. Rg2 Nf8 35. Bxd5 Rxd5 36. Nf3 Ne6 37. Qg1 Ne7 38. Qe1 Rb5 39. Qxc3 Rc8 40. Qe1 Nd5 41. Qh4 Kf8 42. Rdg1 Bd8 43. Qf2 Rb3 44. Bd2 c3 45. Bc1 Rb1 46. Nb4 Nxb4 47. axb4 Rxc1 48. Rxc1 Nxf4 49. Rgg1 Nh3 50. Qe3 Nxg1 51. Kxg1 Qc4 52. Qf4 Qd3 53. Ne1 Qh3 54. Qf3 Qxf3 55. Nxf3 Bb6 56. Kf1 g5 57. d5 Rc4 58. Ke2 Re4+ 59. Kd1 Re3 60. Ne1 Rxe5 61. Rxc3 Rxd5+ 62. Ke2 Re5+ 63. Kf1 Kg7 64. Rc6 Re3 65. Rd6 Re4 66. Nd3 Rd4 67. Rxd4 Bxd4 68. b5 Kf6 69. Ke2 f4 70. h3 Kf5 71. Kf3 h5 72. Nb4 g4+ 73. hxg4+ hxg4+ 74. Kg2 0-1

[Event "Regensburg op"]
[Site "Regensburg"]
[Date "1997.??.??"]
[Round "2"]
[White "Fischer, Markus"]
[Black "Zagorskis, Darius"]
[Result "0-1"]
[WhiteElo "2270"]
[BlackElo "2505"]
[PlyCount "88"]
[EventDate "1997.??.??"]
[EventType "swiss"]
[EventRounds "9"]
[EventCountry "GER"]
[SourceTitle "EXT 2001"]
[Source "ChessBase"]
[SourceDate "2000.11.22"]
[SourceVersion "1"]
[SourceVersionDate "2000.11.22"]
[SourceQuality "1"]

1. Nf3 c5 2. g3 Nc6 3. Bg2 g6 4. 0-0 Bg7 5. d3 d5 6. Nc3 Nf6 7. a3 0-0 8. Rb1 Nd4 9. Bg5 Ne6 10. Bd2 b6 11. Qc1 Bb7 12. Bh6 d4 13. Na2 Qc7 14. c3 dxc3 15. Nxc3 Rfd8 16. Bxg7 Kxg7 17. b4 Rac8 18. Nb5 Qb8 19. Qb2 a6 20. Nc3 cxb4 21. axb4 Bxf3 22. Bxf3 Nd4 23. Kg2 Nxf3 24. Kxf3 Qb7+ 25. Ne4 Kg8 26. Rfc1 Qd5 27. Rxc8 Rxc8 28. Rc1 Rxc1 29. Qxc1 Nxe4 30. Qc8+ Kg7 31. dxe4 Qb3+ 32. e3 Qxb4 33. Qxa6 Qc5 34. Qd3 Qc7 35. h4 h5 36. Qd4+ Kg8 37. e5 b5 38. Qd5 Qb6 39. g4 hxg4+ 40. Kg3 b4 41. Qb3 Qc6 42. Qa2 b3 43. Qd2 Kg7 44. Kxg4 Qc2 0-1

[Event "Regionalliga NW 9596"]
[Site "Bayern"]
[Date "1996.??.??"]
[Round "?"]
[White "Fischer, Markus"]
[Black "Schell, Walter"]
[Result "0-1"]
[WhiteElo "2070"]
[BlackElo "2055"]
[PlyCount "82"]
[EventDate "1995.10.??"]
[EventType "team-tourn"]
[EventRounds "9"]
[EventCountry "GER"]
[SourceTitle "EXT 1999"]
[Source "ChessBase"]
[SourceDate "1998.11.16"]
[SourceVersion "1"]
[SourceVersionDate "1998.11.16"]
[SourceQuality "1"]
[WhiteTeam "Hof SK II"]
[BlackTeam "Sailauf"]
[WhiteTeamCountry "GER"]
[BlackTeamCountry "GER"]

1. e4 e5 2. Nf3 Nc6 3. Bb5 a6 4. Bxc6 dxc6 5. d4 exd4 6. Qxd4 Qxd4 7. Nxd4 Bd6 8. 0-0 Ne7 9. Re1 f6 10. h3 Ng6 11. Nd2 0-0 12. N2b3 Re8 13. Bd2 c5 14. Nf3 b6 15. Bc3 Bb7 16. Nbd2 b5 17. b3 Re7 18. Nh2 Rae8 19. f3 f5 20. Nhf1 fxe4 21. fxe4 c4 22. bxc4 b4 23. Bb2 Bxe4 24. Nxe4 Rxe4 25. Rxe4 Rxe4 26. Nd2 Re2 27. Rd1 Nf4 28. Kh1 Nxg2 29. c5 Bxc5 30. Nb3 Bf8 31. Rd8 Rxc2 32. Bd4 Kf7 33. Rd7+ Ke6 34. Rd8 Bd6 35. Bxg7 Rxa2 36. Re8+ Kd5 37. Nc1 Rc2 38. Ne2 Nf4 39. Ng3 a5 40. Nf5 Rc1+ 41. Kh2 Ne6+ 0-1

[Event "Regionalliga NW 9596"]
[Site "Bayern"]
[Date "1996.??.??"]
[Round "?"]
[White "Fischer, Markus"]
[Black "Stauch, Edgar"]
[Result "1/2-1/2"]
[WhiteElo "2070"]
[BlackElo "2065"]
[PlyCount "47"]
[EventDate "1995.10.??"]
[EventType "team-tourn"]
[EventRounds "9"]
[EventCountry "GER"]
[SourceTitle "EXT 1999"]
[Source "ChessBase"]
[SourceDate "1998.11.16"]
[SourceVersion "1"]
[SourceVersionDate "1998.11.16"]
[SourceQuality "1"]
[WhiteTeam "Hof SK II"]
[BlackTeam "Kronach"]
[WhiteTeamCountry "GER"]
[BlackTeamCountry "GER"]

1. e4 c5 2. Nc3 e6 3. g3 d5 4. exd5 exd5 5. Bg2 Nf6 6. d3 d4 7. Ne4 Nxe4 8. Bxe4 Nd7 9. Ne2 Nf6 10. Bg2 Bd6 11. 0-0 0-0 12. Rb1 Rb8 13. h3 Bd7 14. Nf4 Qc7 15. b3 Bc6 16. Nh5 Nxh5 17. Qxh5 Bxg2 18. Kxg2 Rfe8 19. Bd2 g6 20. Qf3 Re5 21. Rbe1 Rf5 22. Qe4 Re5 23. Qf3 Rf5 24. Qe4 1/2-1/2

[Event "Regionalliga NW 9596"]
[Site "Bayern"]
[Date "1995.??.??"]
[Round "?"]
[White "Fischer, Markus"]
[Black "Seeger, Werner"]
[Result "1/2-1/2"]
[WhiteElo "2265"]
[BlackElo "2240"]
[PlyCount "56"]
[EventDate "1995.10.??"]
[EventType "team-tourn"]
[EventRounds "9"]
[EventCountry "GER"]
[SourceTitle "EXT 1999"]
[Source "ChessBase"]
[SourceDate "1998.11.16"]
[SourceVersion "1"]
[SourceVersionDate "1998.11.16"]
[SourceQuality "1"]
[WhiteTeam "Hof SK II"]
[BlackTeam "Burgsinn"]
[WhiteTeamCountry "GER"]
[BlackTeamCountry "GER"]

1. e4 c5 2. Nc3 Nc6 3. g3 g6 4. Bg2 Bg7 5. d3 d6 6. f4 e6 7. Nf3 Nge7 8. 0-0 0-0 9. Be3 Nd4 10. Qd2 Rb8 11. Nd1 b5 12. c3 Nxf3+ 13. Bxf3 b4 14. d4 bxc3 15. bxc3 cxd4 16. Bxd4 Bxd4+ 17. cxd4 Qb6 18. Ne3 Ba6 19. Rf2 Qb4 20. Rc1 Qxd2 21. Rxd2 Rfc8 22. Rxc8+ Rxc8 23. Rc2 Rxc2 24. Nxc2 Bc4 25. a3 Kf8 26. Kf2 Ke8 27. Ne3 Bb5 28. g4 f6 1/2-1/2